Inventory of shared water resources in Western Asia (Record no. 48147)
[ view plain ]
| 000 -LEADER | |
|---|---|
| fixed length control field | 00687nam a2200133 a 4500 |
| 008 - FIXED-LENGTH DATA ELEMENTS--GENERAL INFORMATION | |
| fixed length control field | 150527s2013 ||||||||||||||||| || u |
| 050 ## - LIBRARY OF CONGRESS CALL NUMBER | |
| Classification number | UNESCWA(02)2013/7 |
| 110 ## - MAIN ENTRY--CORPORATE NAME | |
| Corporate name or jurisdiction name as entry element | United Nations Economic and Social Commission for Western Asia (ESCWA) |
| 245 10 - TITLE STATEMENT | |
| Title | Inventory of shared water resources in Western Asia |
| Statement of responsibility, etc. | By United Nations Economic and Social Commission for Western Asia (UNESCO) |
| 260 ## - PUBLICATION, DISTRIBUTION, ETC. | |
| Place of publication, distribution, etc. | Beirut: |
| Name of publisher, distributor, etc. | United Nations Economic and Social Commission for Western Asia (UN-ESCWA) |
| Date of publication, distribution, etc. | 2013 |
| 300 ## - PHYSICAL DESCRIPTION | |
| Extent | 12p.: ill. |
| 500 ## - GENERAL NOTE | |
| General note | Accompanied by CD |
| 995 ## - RECOMMENDATION 995 [LOCAL, UNIMARC FRANCE] | |
| -- | CBU-MAIN LIBRARY (Kitwe) |
| -- | AVAILABLE |
| -- | Jan 29, 2019 |
| -- | Annex Low-Usage Collection |
| Withdrawn status | Lost status | Source of classification or shelving scheme | Damaged status | Not for loan | Home library | Current library | Shelving location | Date acquired | Total Checkouts | Full call number | Barcode | Date last seen | Price effective from | Koha item type |
|---|---|---|---|---|---|---|---|---|---|---|---|---|---|---|
| CBU-MAIN LIBRARY, KITWE. | CBU-MAIN LIBRARY, KITWE. | 11/30/2022 | UNESCWA(02)2013/7 | B3817 | 11/30/2022 | 11/30/2022 | MONOGRAPH |